01452nam a2200349 a 4500001001200000003000800012006001900020007001500039008004100054010001700095020003500112020001800147020002700165040002100192035002100213050002200234082001700256245014200273260007000415300001500485504006600500533015200566610007200718610003200790650003600822655002900858700003100887700002400918710001700942856012600959999001701085ebr10642462CaPaEBRm u cr cn|||||||||010922s2003 dcu sb 001 0 eng d z 2001047745 z0813213029 (pbk. : alk. paper) z9780813213026 z9780813220482 (e-book) aCaPaEBRcCaPaEBR a(OCoLC)68145365414aBT50b.T96 2003eb04a231/.04222104aThe two wings of Catholic thoughth[electronic resource] :bessays on Fides et ratio /cedited by David Ruel Foster & Joseph W. Koterski. aWashington, D.C. :bCatholic University of America Press,cc2003. axi, 249 p. aIncludes bibliographical references (p. 231-236) and indexes. aElectronic reproduction.bPalo Alto, Calif. :cebrary,d2013.nAvailable via World Wide Web.nAccess may be limited to ebrary affiliated libraries.20aCatholic Church.bPope (1978-2005 : John Paul II).tFides et ratio.20aCatholic ChurchxDoctrines. 0aFaith and reasonxChristianity. 7aElectronic books.2local1 aFoster, David Ruel,d1952-1 aKoterski, Joseph W.2 aebrary, Inc.40uhttp://site.ebrary.com/lib/rucke/Doc?id=10642462zAn electronic book accessible through the World Wide Web; click to view c32650d32650